00720nam a22001937a 4500003000400000005001700004008004100021040001100062041000800073100001900081245018600100260004600286300000900332500013000341650001700471650001300488651001300501651001200514OSt20260623082126.0260623b ar ||||| |||| 00| | spa d aHCSPBA aspa aGuerra, José aHistoria de la revolución de Nueva España, antiguamente Anahuac :bVerdadero origen y causas de ella con la relación de sus progresos hasta el presente año de 1813.nTomo 2. aMéxico.bCámara de Diputadosc[19--]. a2 v. aEsta edición fue tomada literalmente de la primera, hecha en Londres, en la Imprenta de Guillermo Glindon, en el año 1813 aCOLONIZACION aHISTORIA aESPAÑA aAMERICA